Spous ( The truth about marriage ) (Record no. 2242)

MARC details
000 -LEADER
fixed length control field 00272nam a22001217a 4500
041 ## - LANGUAGE CODE
Language code of text/sound track or separate title ENG
100 ## - MAIN ENTRY--PERSONAL NAME
Personal name Shobhaa De
245 ## - TITLE STATEMENT
Title Spous ( The truth about marriage )
260 ## - PUBLICATION, DISTRIBUTION, ETC. (IMPRINT)
Place of publication, distribution, etc New Delhi
Name of publisher, distributor, etc Pengun Book
Date of publication, distribution, etc 2005
300 ## - PHYSICAL DESCRIPTION
Extent 287
650 ## - SUBJECT ADDED ENTRY--TOPICAL TERM
Topical term or geographic name as entry element Marathi
856 ## - ELECTRONIC LOCATION AND ACCESS
Uniform Resource Identifier Marathi ( 33 )
Holdings
Withdrawn status Lost status Source of classification or shelving scheme Damaged status Not for loan Home library Current library Shelving location Date acquired Cost, normal purchase price Total Checkouts Barcode Date last seen Price effective from Koha item type
    Dewey Decimal Classification     College of Agricultural Engineering and Technology, Dapoli , Library College of Agricultural Engineering and Technology, Dapoli , Library Book Cart 13/10/2021 295.00   006034 13/10/2021 13/10/2021 Books

Contact Us: College of Agricultural Engineering and Technology, Dapoli, Dist.- Ratnagiri
Website: https://dbskkv.org Email: caetlibrary2015@gmail.com